Central Library OPAC University of Rajshahi

Assessment in clinical psychology / (Record no. 67181)

MARC details
000 -LEADER
fixed length control field 00853nam a2200289 a 4500
001 - CONTROL NUMBER
control field 67181
003 - CONTROL NUMBER IDENTIFIER
rucl marc code BD-RjUL
005 - DATE AND TIME OF LATEST TRANSACTION
control field 20211209081626.0
008 - FIXED-LENGTH DATA ELEMENTS--GENERAL INFORMATION
fixed length control field 170322r19691968enka b 000 0 eng d
035 ## - SYSTEM CONTROL NUMBER
System control number (BD-RjUL)67312
040 ## - CATALOGING SOURCE
Original cataloging agency DLC
Transcribing agency DLC
Modifying agency BD-RjUL
Language of cataloging eng
041 ## - LANGUAGE CODE
Language code of text/sound track or separate title eng
060 #0 - NATIONAL LIBRARY OF MEDICINE CALL NUMBER
Classification number WM 100 G259a 1968
082 ## - DEWEY DECIMAL CLASSIFICATION NUMBER
Edition number 23
Classification number 616.89
Author mark and year GAA 1969
100 1# - MAIN ENTRY--PERSONAL NAME
Personal name Gathercole, C. E.
Fuller form of name (Chris E.)
9 (RLIN) 199005
245 10 - TITLE STATEMENT
Title Assessment in clinical psychology /
Statement of responsibility, etc. C.E. Gathercole
260 ## - PUBLICATION, DISTRIBUTION, ETC. (IMPRINT)
Place of publication, distribution, etc. Harmondsworth :
Name of publisher, distributor, etc. Penguin,
Date of publication, distribution, etc. 1969.
300 ## - PHYSICAL DESCRIPTION
Pagination 172 p. :
Illustrations ill. ;
Size 18 cm.
490 1# - SERIES STATEMENT
Series statement Penguin Education ;
Series statement Clinical psychology
504 ## - BIBLIOGRAPHY, ETC. NOTE
Bibliography, etc Includes bibliographies and indexes.
650 #0 - SUBJECT ADDED ENTRY--TOPICAL TERM
Topical term or geographic name as entry element Clinical psychology
9 (RLIN) 199006
830 #0 - SERIES ADDED ENTRY--UNIFORM TITLE
Uniform title Penguin Education ;
Uniform title Clinical psychology.
942 ## - ADDED ENTRY ELEMENTS (KOHA)
Source of classification or shelving scheme Dewey Decimal Classification
Koha item type Books
Holdings
Lost status Source of classification or shelving scheme Damaged status Not for loan Collection code Permanent Location Current Location Shelving location Date acquired Source of acquisition Total Checkouts Full call number Date last seen Copy number Koha item type
  Dewey Decimal Classification   Not For Loan Non-fiction Central Library, University of Rajshahi Central Library, University of Rajshahi Reading Room 02/01/1979 Dept. of Eng., RU   616.89 GAA 1969 22/03/2017 C-1 Books